Engineering thermodynamics (Record no. 4369)

000 -LEADER
fixed length control field 00584nam a22002177a 4500
001 - CONTROL NUMBER
control field 4369
003 - CONTROL NUMBER IDENTIFIER
control field BD-DhUET
008 - FIXED-LENGTH DATA ELEMENTS--GENERAL INFORMATION
fixed length control field 141115b xxu||||| |||| 00| 0 eng d
020 ## - INTERNATIONAL STANDARD BOOK NUMBER
International Standard Book Number 0582407265
040 ## - CATALOGING SOURCE
Original cataloging agency DLC
Language of cataloging DLC
Transcribing agency 0
Modifying agency BD-DhUET
082 ## - DEWEY DECIMAL CLASSIFICATION NUMBER
Item number ROG/1980
Classification number 621.01
100 ## - MAIN ENTRY--PERSONAL NAME
Personal name Rogers, G.F.C.
245 ## - TITLE STATEMENT
Title Engineering thermodynamics
Remainder of title work and heat transfer
250 ## - EDITION STATEMENT
Edition statement 3rd ed.
260 ## - PUBLICATION, DISTRIBUTION, ETC. (IMPRINT)
Place of publication, distribution, etc. Essex
Name of publisher, distributor, etc. English Language Books Society
Date of publication, distribution, etc. 1980
300 ## - PHYSICAL DESCRIPTION
Extent xvi,667p.
504 ## - BIBLIOGRAPHY, ETC. NOTE
Bibliography, etc Includes bibliographies
650 #0 - SUBJECT ADDED ENTRY--TOPICAL TERM
Topical term or geographic name as entry element Thermodynamics-Engineering
700 ## - ADDED ENTRY--PERSONAL NAME
Personal name Mayhew, Y. R.
942 ## - ADDED ENTRY ELEMENTS (KOHA)
Koha item type General Book
Holdings
Koha normalized classification for sorting Koha full call number Sublocation or collection (holding branch) Lost status Withdrawn status Damaged status Koha date last borrowed Koha date last seen Not for loan Source of classification or shelving scheme Piece designation (barcode) Shelving location Location (home branch) Koha issues (times borrowed) Copy number Date acquired Price effective from Koha item type
621_010000000000000_ROG_1980621.01/ROG/1980Central Library, BUET   2018-04-212018-09-15  68584Circulation sectionCentral Library, BUET112014-11-152014-11-15General Book
621_010000000000000_ROG_1980621.01/ROG/1980Central Library, BUET    2014-11-29  67907Circulation sectionCentral Library, BUET 22014-11-292014-11-29General Book
621_010000000000000_ROG_1980621.01/ROG/1980Central Library, BUET    2015-01-21  67906Circulation sectionCentral Library, BUET 32015-01-212015-01-21General Book
621_010000000000000_ROG_1980621.01/ROG/1980Central Library, BUET   2018-09-152018-10-14  68583Circulation sectionCentral Library, BUET142015-04-182015-04-18General Book
621_010000000000000_ROG_1980621.01/ROG/1980Central Library, BUET    2015-04-18  67905Circulation sectionCentral Library, BUET 52015-04-182015-04-18General Book